Nuevos instrumentos de política macroprudencial de la Unión Europea /

Saved in:
Bibliographic Details
Main Author: Luna Flores, Valeria Ivett
Format: Text
Tags: Add Tag
No Tags, Be the first to tag this record!

MARC

LEADER 00000 a a2200000 04500
001 48829
003
040
100 |a Luna Flores, Valeria Ivett  
245 |a Nuevos instrumentos de política macroprudencial de la Unión Europea /  |c Valeria Ivett Lune Flores  
773 |g número391, (2015), páginas 90-95 : gráfico  
999 |c 30141  |d 30141